000
00292nam a22001337a 4500
008
170801b xxu||||| |||| 00| 0 eng d
020
_a
9780619056728
041
_a
eng
080
_a
004
100
_a
32
101
_a
SHK
245
_a
MICROSOFT POWERPOINT 2002
_c
BUNIN,R
942
_2
udc
_c
BK
999
_c
22404
_d
22404